Beginning Java (Record no. 12824)
[ view plain ]
| 000 -LEADER | |
|---|---|
| fixed length control field | 00346nam a22001457a 4500 |
| 020 ## - INTERNATIONAL STANDARD BOOK NUMBER | |
| International Standard Book Number | 9780470404140 |
| 082 ## - DEWEY DECIMAL CLASSIFICATION NUMBER | |
| Classification number | 005.133 HOR |
| 100 ## - MAIN ENTRY--PERSONAL NAME | |
| Personal name | Horton, Ivor |
| 245 ## - TITLE STATEMENT | |
| Title | Beginning Java |
| 250 ## - EDITION STATEMENT | |
| Edition statement | 7th ed. |
| 260 ## - PUBLICATION, DISTRIBUTION, ETC. | |
| Place of publication, distribution, etc. | USA |
| Name of publisher, distributor, etc. | John Wiley |
| Date of publication, distribution, etc. | 2011 |
| 300 ## - PHYSICAL DESCRIPTION | |
| Extent | xxvii, 1117p. : |
| Accompanying material | 27 cm |
| 650 ## - SUBJECT ADDED ENTRY--TOPICAL TERM | |
| Topical term or geographic name entry element | Java (Computer program language) |
| 942 ## - ADDED ENTRY ELEMENTS (KOHA) | |
| Koha item type | Book |
| Withdrawn status | Lost status | Damaged status | Not for loan | Collection code | Permanent Location | Current Location | Shelving location | Date acquired | Source of acquisition | Cost, normal purchase price | Total Checkouts | Total Renewals | Full call number | Barcode | Date last seen | Date last checked out | Price effective from | Koha item type |
|---|---|---|---|---|---|---|---|---|---|---|---|---|---|---|---|---|---|---|
| Central Library (CL) | Central Library (CL) | First Floor - Software Engineering/ Programming Language | 04/16/2014 | Progressive International agencies | 4610.00 | 5 | 2 | 005.133 HOR | SEECS013163 | 09/13/2022 | 02/14/2019 | 04/16/2014 | Book | |||||
| Central Library (CL) | Central Library (CL) | First Floor - Software Engineering/ Programming Language | 05/17/2014 | Progressive International agencies | 4610.00 | 1 | 1 | 005.133 HOR | SEECS013204 | 03/16/2023 | 01/28/2019 | 05/17/2014 | Book | |||||
| Central Library (CL) | Central Library (CL) | First Floor - Software Engineering/ Programming Language | 05/17/2014 | Progressive International agencies | 4610.00 | 3 | 2 | 005.133 HOR | SEECS013205 | 01/16/2024 | 01/12/2024 | 05/17/2014 | Book | |||||
| Central Library (CL) | Central Library (CL) | First Floor - Software Engineering/ Programming Language | 05/17/2014 | Progressive International agencies | 4610.00 | 1 | 005.133 HOR | SEECS013206 | 12/03/2021 | 01/16/2019 | 05/17/2014 | Book | ||||||
| Central Library (CL) | Central Library (CL) | First Floor - Software Engineering/ Programming Language | 05/17/2014 | Progressive International agencies | 4610.00 | 4 | 4 | 005.133 HOR | SEECS013207 | 02/22/2025 | 02/08/2025 | 05/17/2014 | Book |
